000 00591nam a2200229Ia 4500
003 OSt
005 20220928110831.0
006 a|||||r|||| 00| 0
007 ta
008 220927b |||||||| |||| 00| 0 eng d
024 _a48599
037 _cTextual
040 _aSDCL
_cSDCL
_beng
041 _2eng
_aeng
082 _aO152,1NSx, N4
100 _aVedalankar Sharada
_9420804
245 0 _aSmrtidip.
260 _aPatna
_bAanamika Prakashan
_c1994
300 _a53p.
_ccm.
942 _hO152,1NSx, N4
_cTEXL
_2CC
999 _c737076
_d737076